000 00588nmm a2200169Ia 4500
008 251105s9999||||xx |||||||||||||||||und||
020 _a9788495107442
041 _aspa
100 _aZimmermann, Klaus
245 0 _aPolítica del lenguaje y planificación para los pueblos amerindios :
_b Ensayos de ecología lingüística
264 _a[Madrid, España] :
_bIberoamericana Vervuert,
_c1999
300 _a200 páginas
490 _aLengua y sociedad en el mundo hispánico
650 _aHistory of language
856 _uhttps://public.digitaliapublishing.com/a/21022
942 _cCF
999 _c89542
_d89542